The Complete works of Swami Vivekananda : Volume 1 (Record no. 94933)

MARC details
000 -LEADER
fixed length control field 00630nam a2200205Ia 4500
008 - FIXED-LENGTH DATA ELEMENTS--GENERAL INFORMATION
fixed length control field 230125s9999 xx 000 0 und d
020 ## - INTERNATIONAL STANDARD BOOK NUMBER
International Standard Book Number 81-7505-411-5
041 ## - LANGUAGE CODE
Language code of text/sound track or separate title eng
082 ## - DEWEY DECIMAL CLASSIFICATION NUMBER
Classification number 823
Item number BOD
100 ## - MAIN ENTRY--PERSONAL NAME
Personal name Bodhasarananda S (Pub.)
9 (RLIN) 112639
245 ## - TITLE STATEMENT
Title The Complete works of Swami Vivekananda : Volume 1
250 ## - EDITION STATEMENT
Edition statement 2nd Ed.
260 ## - PUBLICATION, DISTRIBUTION, ETC. (IMPRINT)
Date of publication, distribution, etc. 2013
Name of publisher, distributor, etc. Bodhasarananda S
Place of publication, distribution, etc. Kolkata
300 ## - PHYSICAL DESCRIPTION
Extent 560
440 ## - SERIES STATEMENT/ADDED ENTRY--TITLE
Title The complete works of Swami Vivekananda
9 (RLIN) 117192
500 ## - GENERAL NOTE
Keywords English Literature;Literature;Swami Vivekananda;
650 ## - SUBJECT ADDED ENTRY--TOPICAL TERM
Topical term or geographic name as entry element English Literature
700 ## - ADDED ENTRY--PERSONAL NAME
Personal name Bodhasarananda S (Pub.)
9 (RLIN) 112639
Holdings
Withdrawn status Lost status Damaged status Not for loan Home library Current library Date acquired Vendor Cost, normal purchase price Total Checkouts Full call number Barcode Date last seen Date last checked out Cost, replacement price Bill Date Koha item type Original Barcode
        Smt. Hiraben Nanavati Institute of Management & Research for Women Smt. Hiraben Nanavati Institute of Management & Research for Women 10/10/2017 MKSSS 565.00 1 823 BOD B15771 HIMR-BK-15771 02/05/2023 25/04/2023 565.00 15/11/2017 Books B15771